Broadband telecommunications technology / (Record no. 175833)
[ view plain ]
| 000 -LEADER | |
|---|---|
| fixed length control field | 00984 a2200241 4500 |
| 003 - CONTROL NUMBER IDENTIFIER | |
| control field | Nust |
| 005 - DATE AND TIME OF LATEST TRANSACTION | |
| control field | 20220816132949.0 |
| 010 ## - LIBRARY OF CONGRESS CONTROL NUMBER | |
| LC control number | 96024105 |
| 020 ## - INTERNATIONAL STANDARD BOOK NUMBER | |
| International Standard Book Number | 0890068666 (alk. paper) |
| 040 ## - CATALOGING SOURCE | |
| Transcribing agency | Nust |
| 082 00 - DEWEY DECIMAL CLASSIFICATION NUMBER | |
| Classification number | 621.382,LEE |
| 100 1# - MAIN ENTRY--PERSONAL NAME | |
| Personal name | Lee, Byeong Gi. |
| 9 (RLIN) | 97468 |
| 245 10 - TITLE STATEMENT | |
| Title | Broadband telecommunications technology / |
| Statement of responsibility, etc. | Byeong Gi Lee, Minho Kang, Jonghee Lee. |
| 250 ## - EDITION STATEMENT | |
| Edition statement | 2nd ed. |
| 260 ## - PUBLICATION, DISTRIBUTION, ETC. | |
| Place of publication, distribution, etc. | Boston : |
| Name of publisher, distributor, etc. | Artech House, |
| Date of publication, distribution, etc. | c1996. |
| 300 ## - PHYSICAL DESCRIPTION | |
| Extent | xviii, 658 p. : |
| Other physical details | ill. ; |
| Dimensions | 24 cm. |
| 440 #4 - SERIES STATEMENT/ADDED ENTRY--TITLE | |
| Title | The Artech House telecommunications library |
| 9 (RLIN) | 94200 |
| 505 ## - FORMATTED CONTENTS NOTE | |
| Formatted contents note | Introduction to Broadband Telecommunications (Page-1), Broadband Subscriber Network (Page-35), Synchronous Digital Transmission (Page-97), BISDN and ATM Technology (Page-225), High Speed Data Networks and Services (Page-367), Broadband Video Services and Technology (Page-515), |
| 650 #0 - SUBJECT ADDED ENTRY--TOPICAL TERM | |
| Topical term or geographic name entry element | Telecommunication Engineering. |
| 700 1# - ADDED ENTRY--PERSONAL NAME | |
| Personal name | Kang, Minho. |
| 9 (RLIN) | 97469 |
| 700 1# - ADDED ENTRY--PERSONAL NAME | |
| Personal name | Lee, Jonghee. |
| 9 (RLIN) | 97470 |
| 942 ## - ADDED ENTRY ELEMENTS (KOHA) | |
| Koha item type | Reference |
| Source of classification or shelving scheme | |
| Withdrawn status | Lost status | Source of classification or shelving scheme | Damaged status | Not for loan | Permanent Location | Current Location | Shelving location | Date acquired | Full call number | Barcode | Date last seen | Price effective from | Koha item type | Public note |
|---|---|---|---|---|---|---|---|---|---|---|---|---|---|---|
| Military College of Signals (MCS) | Military College of Signals (MCS) | Reference | 12/12/2016 | 621.382,LEE | MCS27250 | 12/08/2016 | 12/12/2016 | Reference | Almirah No.22, Shelf No.1 |
